<?xml version="1.0" encoding="UTF-8"?><?xml-stylesheet type="text/xsl" href="static/style.xsl"?><OAI-PMH xmlns="http://www.openarchives.org/OAI/2.0/" xmlns:xsi="http://www.w3.org/2001/XMLSchema-instance" xsi:schemaLocation="http://www.openarchives.org/OAI/2.0/ http://www.openarchives.org/OAI/2.0/OAI-PMH.xsd"><responseDate>2026-04-27T21:59:04Z</responseDate><request verb="GetRecord" identifier="oai:uvadoc.uva.es:10324/4986" metadataPrefix="marc">https://uvadoc.uva.es/oai/request</request><GetRecord><record><header><identifier>oai:uvadoc.uva.es:10324/4986</identifier><datestamp>2021-06-23T18:10:04Z</datestamp><setSpec>com_10324_30605</setSpec><setSpec>com_10324_894</setSpec><setSpec>col_10324_41</setSpec></header><metadata><record xmlns="http://www.loc.gov/MARC21/slim" xmlns:doc="http://www.lyncode.com/xoai" xmlns:xsi="http://www.w3.org/2001/XMLSchema-instance" xmlns:dcterms="http://purl.org/dc/terms/" xsi:schemaLocation="http://www.loc.gov/MARC21/slim http://www.loc.gov/standards/marcxml/schema/MARC21slim.xsd">
<leader>00925njm 22002777a 4500</leader>
<datafield tag="042" ind1=" " ind2=" ">
<subfield code="a">dc</subfield>
</datafield>
<datafield tag="720" ind1=" " ind2=" ">
<subfield code="a">Isla García, Virginia</subfield>
<subfield code="e">author</subfield>
</datafield>
<datafield tag="260" ind1=" " ind2=" ">
<subfield code="c">2014</subfield>
</datafield>
<datafield tag="520" ind1=" " ind2=" ">
<subfield code="a">A partir de la recopilación y estudio de un amplio corpus narrativo, esta tesis recoge detallados testimonios del artista en su faceta creativa como héroe moderno y personaje de novela en la narrativa peninsular española desde el Romanticismo hasta el Modernismo.&#xd;
&#xd;
El estudio de estos textos se inicia con una cuidada reflexión acerca de la actualización en la ficción romántica de las características de la leyenda y mito del artista. A continuación, se detiene en la relectura realista y en su progresivo interés por la profundización en la psique del personaje con inquietudes artísticas. En este periodo la caracterización del artista seguirá teniendo como referentes constantes el tipo y trayectoria romántica y su correspondencia con las expectativas burguesas. Así, en la última parte se confirma la pervivencia de la huella romántica en el cambio de siglo y en el Modernismo, momento en el que se hiperbolizará la introspección, la desilusión y la apatía finisecular, así como el refugio en el artificio y en la écfrasis y recreación de motivos artísticos como el del desnudo. De este modo, se reivindica la originalidad española en el tratamiento del mal du siècle y en su asociación con otras dicotomías características del creador (Arte - Vida, Obra y Obra Maestra - Mujer). Si bien estos temas son fácilmente reconocibles en otras literaturas, esta tesis contribuye a esclarecer cómo son adaptados, matizados y desarrollados de forma personal en las ficciones acerca de la aptitud y actitud creativa destacadas en esta tesis.</subfield>
</datafield>
<datafield tag="024" ind2=" " ind1="8">
<subfield code="a">http://uvadoc.uva.es/handle/10324/4986</subfield>
</datafield>
<datafield tag="024" ind2=" " ind1="8">
<subfield code="a">b1674334</subfield>
</datafield>
<datafield tag="024" ind2=" " ind1="8">
<subfield code="a">10.35376/10324/4986</subfield>
</datafield>
<datafield ind1=" " ind2=" " tag="653">
<subfield code="a">Romanticismo-España</subfield>
</datafield>
<datafield ind1=" " ind2=" " tag="653">
<subfield code="a">Modernismo (literatura)</subfield>
</datafield>
<datafield tag="245" ind1="0" ind2="0">
<subfield code="a">La representación del artísta como creador en la narrativa española peninsular : del romanticísmo al modernísmo</subfield>
</datafield>
</record></metadata></record></GetRecord></OAI-PMH>